MARC details
| 000 -CABECERA |
| campo de control de longitud fija |
01369nam a22002897a 4500 |
| 003 - IDENTIFICADOR DEL NÚMERO DE CONTROL |
| campo de control |
OSt |
| 005 - FECHA Y HORA DE LA ÚLTIMA TRANSACCIÓN |
| campo de control |
20240311112321.0 |
| 008 - DATOS DE LONGITUD FIJA--INFORMACIÓN GENERAL |
| campo de control de longitud fija |
2020b ||||| |||| 00| 0 spa d |
| 020 ## - NÚMERO INTERNACIONAL ESTÁNDAR DEL LIBRO |
| Número Internacional Estándar del Libro |
9789945092486 |
| 040 ## - FUENTE DE LA CATALOGACIÓN |
| Centro catalogador/agencia de origen |
DO-SdBNP |
| Lengua de catalogación |
spa |
| Centro/agencia transcriptor |
BNPHU |
| 082 #4 - NÚMERO DE LA CLASIFICACIÓN DECIMAL DEWEY |
| Número de clasificación |
371.19206 |
| Número de documento/Ítem |
A837u |
| Número de edición |
22 |
| 110 2# - ENTRADA PRINCIPAL--NOMBRE DE ENTIDAD CORPORATIVA |
| Nombre de entidad corporativa o nombre de jurisdicción como elemento de entrada |
Asociación Dominicana de Profesores |
| 9 (RLIN) |
77682 |
| 245 10 - MENCIÓN DE TÍTULO |
| Título |
Unidad en la diversidad : |
| Resto del título |
50 años de historia de la Asociaciòn Dominicana de Profesores, ADP / |
| Mención de responsabilidad, etc. |
editor Enrique De León ; transcripción Victoria Richardson Castillo ; fotografía Romel Cuevas |
| 246 ## - FORMA VARIANTE DE TÍTULO |
| Título propio/Titulo breve |
Cincuenta años de historia de la Asociaciòn Dominicana de Profesores |
| 260 ## - PUBLICACIÓN, DISTRIBUCIÓN, ETC. |
| Lugar de publicación, distribución, etc. |
Santo Domingo : |
| Nombre del editor, distribuidor, etc. |
Asociaciòn Dominicana de Profesores, |
| Fecha de publicación, distribución, etc. |
2020 |
| 300 ## - DESCRIPCIÓN FÍSICA |
| Extensión |
283 p. : |
| Otras características físicas |
il. ; |
| Dimensiones |
26 cm |
| 590 ## - NOTA LOCAL (RLIN) |
| Nota local |
Inventariado, 2021 / DG |
| 610 24 - PUNTO DE ACCESO ADICIONAL DE MATERIA--NOMBRE DE ENTIDAD CORPORATIVA |
| Fuente del encabezamiento o término |
Asociación Dominicana de Profesores |
| Subdivisión general |
Historia |
| Subdivisión cronológica |
1970-2020 |
| 9 (RLIN) |
78194 |
| 650 #4 - PUNTO DE ACCESO ADICIONAL DE MATERIA--TÉRMINO DE MATERIA |
| Término de materia o nombre geográfico como elemento de entrada |
Maestros |
| Subdivisión geográfica |
República Dominicana |
| Subdivisión general |
Historia |
| Subdivisión cronológica |
1970-2020 |
| 9 (RLIN) |
78195 |
| 650 #4 - PUNTO DE ACCESO ADICIONAL DE MATERIA--TÉRMINO DE MATERIA |
| Término de materia o nombre geográfico como elemento de entrada |
Sindicatos de maestros |
| Subdivisión geográfica |
República Dominicana |
| Subdivisión general |
Historia |
| Subdivisión cronológica |
1970-2020 |
| 9 (RLIN) |
78196 |
| 650 #4 - PUNTO DE ACCESO ADICIONAL DE MATERIA--TÉRMINO DE MATERIA |
| Fuente del encabezamiento o término |
Política educativa |
| Subdivisión geográfica |
República Dominicana |
| Subdivisión general |
Historia |
| Subdivisión cronológica |
1970-2020 |
| 9 (RLIN) |
78197 |
| 700 1# - PUNTO DE ACCESO ADICIONAL--NOMBRE DE PERSONA |
| Nombre de persona |
Leòn, Enrique, de |
| Término indicativo de función/relación |
editor |
| 9 (RLIN) |
2049 |
| 700 1# - PUNTO DE ACCESO ADICIONAL--NOMBRE DE PERSONA |
| Nombre de persona |
Richardson Castillo, Victoria |
| 9 (RLIN) |
77719 |
| 700 1# - PUNTO DE ACCESO ADICIONAL--NOMBRE DE PERSONA |
| Nombre de persona |
Cuevas, Romel |
| Término indicativo de función/relación |
fotografìa |
| 9 (RLIN) |
76787 |
| 910 ## - DATOS DE OPCIÓN DEL USUARIO (OCLC) |
| Datos de opción del usuario |
Inventariado, 2021 / DG /Validado. Control de calidad MFF |
| 942 ## - ELEMENTOS DE PUNTO DE ACCESO ADICIONAL (KOHA) |
| Fuente del sistema de clasificación o colocación |
Dewey Decimal Classification |
| Tipo de ítem Koha |
Libro |